| 000 | 00549nam a2200157 a 4500 | ||
|---|---|---|---|
| 008 | 120416s0000 ||||||||||||||||| || u | ||
| 020 | _a0273361902 | ||
| 050 | _aTA 405 Urr | ||
| 100 | _aUrry, S. A | ||
| 245 | 1 | 0 | _aSolution of problems in strength of materials and mechanics of solids |
| 250 | _aSI metric | ||
| 260 |
_aLondon _bPitman _c1976 |
||
| 300 | _axi, 504p. : ill | ||
| 350 | _a0.00 | ||
| 995 |
_D0.00 _FCBU-MAIN LIBRARY (Kitwe) _H1 _I4.95 _UAVAILABLE _ZMain Library Open Access Collection |
||
| 999 |
_c57899 _d57899 |
||